Psychological Aspects of Business Negotiation bakalárska práca

Enregistré dans:
Détails bibliographiques
Auteur principal: Mináriková, Veronika
Collectivité auteur: Fakulta aplikovaných jazykov EU v Bratislave. Katedra interkultúrnej komunikácie
Autres auteurs: Pápaiová, Adriana
Format: Livre
Langue:anglais
Publié: Bratislava 2015
Tags: Ajouter un tag
Pas de tags, Soyez le premier à ajouter un tag!

MARC

LEADER 00000nbm a2200000 4500
001 0202052
005 20161212094238.4
041 0 |a eng 
044 |a SK 
245 1 0 |a Psychological Aspects of Business Negotiation  |b bakalárska práca  |c Veronika Mináriková ; školiteľ: Adriana Pápaiová 
264 1 |a Bratislava  |c 2015 
300 |a 56 s. 
100 1 |a Mináriková, Veronika 
700 1 |a Pápaiová, Adriana 
710 2 |a Fakulta aplikovaných jazykov EU v Bratislave. Katedra interkultúrnej komunikácie